Tratamiento de aguas de curtiembre.
El presente estudio fue eralisado para buscar una solución sastifactoria a los problemas de contaminación de las tenerias ya que como toda industria quimíca tiene desechos que son perjudiciales para el medio ambiente.
| Main Author: | |
|---|---|
| Other Authors: | |
| Format: | Tesis Section = Libro |
| Language: | Undetermined Spanish |
| Published: |
Managua
UNI
1981
|
| Subjects: |
| LEADER | 00750nam a2200193Ia 4500 | ||
|---|---|---|---|
| 008 | 240830s9999 xx 000 0 und d | ||
| 040 | |a CEDOC DACA-RUSB / Mon 628.162 G633 | ||
| 041 | |a spa | ||
| 082 | |a Mon 628.162 G633 | ||
| 100 | 1 | |a Gómez López, Eduardo. | |
| 245 | 1 | 0 | |a Tratamiento de aguas de curtiembre. |
| 260 | |a Managua |b UNI |c 1981 | ||
| 502 | |a Tesis (Ingeniero Químico) -UNI, 1981. | ||
| 520 | 3 | |a El presente estudio fue eralisado para buscar una solución sastifactoria a los problemas de contaminación de las tenerias ya que como toda industria quimíca tiene desechos que son perjudiciales para el medio ambiente. | |
| 650 | 7 | |a TRATAMIENTO - AGUAS - CURTIEMBRE | |
| 700 | 1 | |a Tutor: | |
| 942 | |c BK |2 ddc | ||
| 991 | |a TESIS | ||
| 999 | |c 26295 | ||